loml - Taylor Swift (All Lyrics) - Statistics

General Stats
  • This quiz has been taken 60 times
  • The average score is 316 of 364
Answer Stats
Lyrics % Correct
I
100%
"I
100%
you
100%
You
100%
a
98%
A
98%
go
98%
in
98%
In
98%
life
98%
life.
98%
love
98%
love-
98%
of
98%
on
98%
the
98%
The
98%
your
98%
Your
98%
and
95%
And
95%
be
95%
from
95%
get-
95%
get
95%
It
95%
it
95%
legendary
95%
me
95%
mind.
95%
mind"
95%
never
95%
Never
95%
"Never
95%
was
95%
Was
95%
we
95%
We
95%
"We
95%
all
93%
All
93%
almost
93%
buried
93%
could
93%
gonna
93%
had
93%
he
93%
how
93%
momentary
93%
table
93%
to
93%
Who's
93%
anyway
90%
back
90%
bed
90%
can't
90%
getting
90%
hand
90%
I'm
90%
It's
90%
it's
90%
know
90%
one
90%
out
90%
second-
90%
steps
90%
stop
90%
That
90%
time
90%
time."
90%
under
90%
un-recall
90%
us
90%
What
90%
what
90%
wish
90%
at
88%
flames
88%
if
88%
If
88%
into
88%
kiss
88%
married
88%
said,
88%
said
88%
Still
88%
still
88%
talked
88%
told
88%
waltzing
88%
before
85%
before,
85%
Cause
85%
cradles
85%
dead
85%
embarrassed
85%
ever
85%
for
85%
glimpse,
85%
phantoms
85%
quite
85%
shit-
85%
since
85%
something
85%
were
85%
Are
83%
Dancing
83%
don't
83%
felt
83%
just
83%
leave"
83%
loss
83%
my
83%
nick
83%
Oh
83%
rings
83%
takes
83%
terrace
83%
this
83%
thought
83%
when
83%
When
83%
better
80%
cemetery
80%
goodbye
80%
guy,
80%
"I'll
80%
I'll
80%
kids,
80%
killing
80%
let
80%
like
80%
million
80%
once,
80%
rekindled
80%
roar
80%
Should've
80%
standup
80%
stay
80%
talking
80%
then
80%
times
80%
unnecessary
80%
alive
78%
babe"
78%
bleeds
78%
ink
78%
than
78%
they
78%
those
78%
tie
78%
valiant
78%
...about
75%
die
75%
Holy
75%
safe
75%
starry-eyed
75%
suit
75%
tell
75%
turned
75%
with
75%
aglow
73%
away
73%
black
73%
bland
73%
cinephile
73%
counterfeit's
73%
coward
73%
Ghost,
73%
lies
73%
memories
73%
too
73%
white
73%
boy,
70%
eyes
70%
fakes
70%
heaven
70%
lion
70%
plot
70%
quick
70%
see
70%
somber
70%
through
70%
twists
70%
winds
70%
You're
70%
claimed
68%
dynamite
68%
fool
68%
hell
68%
hole
68%
lowdown
68%
scheme
68%
took
68%
Well,
68%
cry
65%
dreams,
65%
fire
65%
Girl,
65%
her
65%
make
65%
Our
65%
paintings
65%
reformed
65%
Steal
65%
stitching
65%
truth
65%
until
65%
blew
63%
combing
63%
fate
63%
impressionist
63%
match,
63%
arson's
60%
braids
60%
But
60%
embroidered
60%
field
60%
Mr.
60%
engulfed
58%
sells
58%
conman
48%
No matching quizzes found
Score Distribution
Percent of People with Each Score
Percentile by Number Answered
Your Score History
You have not taken this quiz